<?xml version="1.0" encoding="UTF-8"?>
<record
    xmlns:xsi="http://www.w3.org/2001/XMLSchema-instance"
    xsi:schemaLocation="http://www.loc.gov/MARC21/slim http://www.loc.gov/standards/marcxml/schema/MARC21slim.xsd"
    xmlns="http://www.loc.gov/MARC21/slim">

  <leader>01556    a2200217   4500</leader>
  <controlfield tag="001">36559</controlfield>
  <controlfield tag="005">20260407155640.0</controlfield>
  <controlfield tag="008">260407a1967    arg                 spa d</controlfield>
  <controlfield tag="003">AR-UNSa-BCEJYS</controlfield>
  <datafield tag="040" ind1=" " ind2=" ">
    <subfield code="a">AR-UNSa-BCEJYS</subfield>
    <subfield code="b">spa</subfield>
    <subfield code="c">AR-UNSa-BCEJYS</subfield>
  </datafield>
  <datafield tag="080" ind1=" " ind2=" ">
    <subfield code="a">330.43</subfield>
    <subfield code="x">Econometr&#xED;a</subfield>
  </datafield>
  <datafield tag="245" ind1="1" ind2="0">
    <subfield code="a">M&#xE9;todos estad&#xED;sticos de la econometr&#xED;a</subfield>
  </datafield>
  <datafield tag="264" ind1=" " ind2="1">
    <subfield code="a">Barcelona :</subfield>
    <subfield code="b">Ariel</subfield>
    <subfield code="c">1967</subfield>
  </datafield>
  <datafield tag="300" ind1=" " ind2=" ">
    <subfield code="a">xx, 706 p.</subfield>
    <subfield code="c">23 cm.</subfield>
  </datafield>
  <datafield tag="505" ind1=" " ind2=" ">
    <subfield code="a">1. Econometr&#xED;a son modelo aleatorio - 2. Modelos econ&#xF3;micos e inducci&#xF3;n estad&#xED;stica - 3. Modelo lineal de la regresi&#xF3;n simple - 4. La funci&#xF3;n de consumo. Discusi&#xF3;n de un problema econom&#xE9;trico - 5. Teor&#xED;a general de la regresi&#xF3;n lineal - 6. Regresiones m&#xFA;ltiples - 7. An&#xE1;lisis de la variancia y de la covariancia - 8. Complementos diversos - 9. Modelos no lineales con errores aditivos - 10. Modelos lineales con errores en las variables - 11. Introducci&#xF3;n a los procesos estoc&#xE1;sticos - 12. An&#xE1;lisis estad&#xED;stico de las series temporales - 13. Relaci&#xF3;n entre los errores en los modelos de regresi&#xF3;n - 14. Modelos autorregresivos - 15. Modelos con retardos escalonados - 16. Modelos con ecuaciones m&#xFA;ltiples en econometr&#xED;a - 17. Los problemas de estimaci&#xF3;n a la luz de algunos ejemplos - 18. Identificaci&#xF3;n - 19. M&#xE9;todos generales de estimaci&#xF3;n de los modelos de varias ecuaciones - 20. Estimaci&#xF3;n de una ecuaci&#xF3;n en un modelo de ecuaciones m&#xFA;ltiples</subfield>
  </datafield>
  <datafield tag="041" ind1=" " ind2=" ">
    <subfield code="a">spa</subfield>
  </datafield>
  <datafield tag="942" ind1=" " ind2=" ">
    <subfield code="c">BK</subfield>
  </datafield>
  <datafield tag="590" ind1=" " ind2=" ">
    <subfield code="a">niveau_biblio:m niveau_hierar:0</subfield>
  </datafield>
  <datafield tag="100" ind1="1" ind2=" ">
    <subfield code="a">Malinvaud, Edmond</subfield>
  </datafield>
  <datafield tag="700" ind1="1" ind2=" ">
    <subfield code="a">Arnaiz Vellando, Gonzalo</subfield>
  </datafield>
  <datafield tag="999" ind1=" " ind2=" ">
    <subfield code="c">2659</subfield>
    <subfield code="d">2659</subfield>
  </datafield>
  <datafield tag="952" ind1=" " ind2=" ">
    <subfield code="0">0</subfield>
    <subfield code="1">0</subfield>
    <subfield code="4">0</subfield>
    <subfield code="7">0</subfield>
    <subfield code="a">BCEJYS</subfield>
    <subfield code="b">BCEJYS</subfield>
    <subfield code="c">16</subfield>
    <subfield code="d">2026-04-07</subfield>
    <subfield code="l">0</subfield>
    <subfield code="o">330.43 M251</subfield>
    <subfield code="p">L22503</subfield>
    <subfield code="r">2026-04-07 15:56:40</subfield>
    <subfield code="w">2026-04-07</subfield>
    <subfield code="y">L</subfield>
  </datafield>
  <datafield tag="952" ind1=" " ind2=" ">
    <subfield code="0">0</subfield>
    <subfield code="1">0</subfield>
    <subfield code="4">0</subfield>
    <subfield code="7">0</subfield>
    <subfield code="a">BCEJYS</subfield>
    <subfield code="b">BCEJYS</subfield>
    <subfield code="c">16</subfield>
    <subfield code="d">2026-04-07</subfield>
    <subfield code="l">0</subfield>
    <subfield code="o">330.43 M251</subfield>
    <subfield code="p">L22504</subfield>
    <subfield code="r">2026-04-07 15:56:40</subfield>
    <subfield code="w">2026-04-07</subfield>
    <subfield code="y">L</subfield>
  </datafield>
</record>
